000
00262nam a22001217a 4500
082
_a
823
_b
KUD/S
100
_a
KUDAKAHIREL, THOMAS
245
_a
THE STOLEN PRIZE
260
_a
BOMBAY
_b
PAULINE
_c
1995
300
_a
38
650
_a
ENGLISH STORY
_z
INDIA
942
_c
BK
999
_c
7365
_d
7365